[Event "Høstturneringen 2014"]
[Site "Ås, Akershus NOR"]
[Date "2014.09.11"]
[Round "2"]
[White "Samset, Jon"]
[Black "Bakken, Svein-Erik"]
[Result "0-1"]
[WhiteElo "1143"]
[BlackElo "1401"]
[PlyCount "64"]
[EventDate "2014.09.04"]

1. e4 c5 2. c3 e6 3. e5 Nc6 4. Nf3 Qc7 5. d4 cxd4 6. cxd4 d5 7. Bb5 Bd7 8. O-O
Nxe5 9. Nc3 Nxf3+ 10. Qxf3 Nf6 11. Re1 Be7 12. Bg5 Bxb5 13. Nxb5 Qb6 14. Qe2 a6
15. Nc3 Qxd4 16. Rad1 Qb6 17. Bxf6 Bxf6 18. Nxd5 Qc6 19. Nb4 Qa4 20. Nd5 O-O
21. Nxf6+ gxf6 22. Qf3 f5 23. h3 Qxa2 24. Re3 Qxb2 25. Rc3 Kh8 26. Rdc1 b5 27.
Qg3 h6 28. Qe5+ Kh7 29. Qf6 b4 30. g4 bxc3 31. Re1 fxg4 32. Re4 Qb1+ 0-1

[Event "Høstturneringen 2014"]
[Site "Ås, Akershus NOR"]
[Date "2014.09.11"]
[Round "2"]
[White "Aalmo, Alexander"]
[Black "Kjelstrup, Joachim"]
[Result "0-1"]
[WhiteElo "1125"]
[BlackElo "1031"]
[PlyCount "68"]
[EventDate "2014.09.04"]

1. d4 Nc6 2. Nf3 Nf6 3. Bg5 e6 4. e3 Be7 5. c4 d5 6. Nc3 O-O 7. Qc2 Nb4 8. Qb1
c5 9. a3 Nc6 10. Bd3 dxc4 11. Bxf6 cxd3 12. Bxe7 Qxe7 13. Qxd3 cxd4 14. Nxd4
Nxd4 15. Qxd4 Rd8 16. Qe4 a6 17. O-O f5 18. Qf3 Ra7 19. Rfd1 b5 20. g3 Rad7 21.
Rxd7 Rxd7 22. Rd1 Bb7 23. Qf4 Rxd1+ 24. Nxd1 Qd8 25. Qd4 Qxd4 26. exd4 h5 27.
Kf1 Bf3 28. Ne3 Kf7 29. Ke1 Kf6 30. Kd2 g5 31. Kc3 f4 32. Nc2 fxg3 33. hxg3 h4
34. Ne1 Bd5 0-1

[Event "Høstturneringen 2014"]
[Site "Ås, Akershus NOR"]
[Date "2014.09.11"]
[Round "2"]
[White "Lange, Magnus Øyvind"]
[Black "Aasestad, Tor Erik"]
[Result "1-0"]
[WhiteElo "702"]
[BlackElo "969"]
[PlyCount "91"]
[EventDate "2014.09.04"]

1. e4 c5 2. Bc4 d6 3. Nc3 Nc6 4. Nf3 Nf6 5. d3 g6 6. Be3 Bg7 7. O-O O-O 8. Qd2
Ng4 9. Bf4 Nce5 10. Nxe5 Nxe5 11. Bh6 Nxc4 12. dxc4 f5 13. Rfe1 fxe4 14. Rxe4
Bf5 15. Re2 Rf7 16. Bxg7 Kxg7 17. Qd5 Qb6 18. Na4 Qc7 19. b3 e6 20. Qf3 Rd8 21.
g4 d5 22. gxf5 dxc4 23. Qc3+ Rd4 24. b4 b6 25. fxe6 Rff4 26. Kf1 Kf8 27. Rd2
Ke7 28. Rxd4 Rxd4 29. bxc5 bxc5 30. Qh3 Qc6 31. Qxh7+ Kf6 32. Nc3 Qh1+ 33. Ke2
Qxa1 34. e7 Qxc3 35. e8=Q Qxc2+ 36. Kf1 Qd1+ 37. Qe1 Qd3+ 38. Qe2 Qb1+ 39. Kg2
c3 40. Qh8+ Kg5 41. Qhe5+ Kh6 42. Qxc5 Rd2 43. Qee3+ Kg7 44. Qee5+ Kf7 45.
Qce7+ Kg8 46. Q5g7# 1-0

[Event "Høstturneringen 2014"]
[Site "Ås, Akershus NOR"]
[Date "2014.09.11"]
[Round "2"]
[White "Fuglseth, Jan"]
[Black "Nissen, Ulrik"]
[Result "0-1"]
[WhiteElo "1134"]
[BlackElo "1350"]
[PlyCount "88"]
[EventDate "2014.09.04"]

1. c4 Nf6 2. Nc3 e6 3. Nf3 c5 4. g3 Nc6 5. Bg2 b6 6. d3 Be7 7. Bf4 O-O 8. O-O
d5 9. cxd5 Nxd5 10. Qd2 Nxf4 11. Qxf4 Bb7 12. Ne4 Nd4 13. Nxd4 cxd4 14. Rac1
Rc8 15. h4 h6 16. a3 Qd7 17. Nd2 Bxg2 18. Kxg2 Rc5 19. Ne4 Qd5 20. Kh2 Rcc8 21.
Rg1 f5 22. Nd2 Kh7 23. h5 Bg5 24. Qf3 Bxd2 25. Rcd1 Qxf3 26. exf3 Rc2 27. Kh3
Rxb2 28. Ra1 Bc3 29. Raf1 Ra2 30. f4 Rxa3 31. g4 fxg4+ 32. Kxg4 Bd2 33. Rg3
Rxf4+ 34. Kh3 Be3 35. Rfg1 Rf7 36. fxe3 Rxd3 37. exd4 Rff3 38. Kg4 Rxg3+ 39.
Rxg3 Rxg3+ 40. Kxg3 Kg8 41. Kf4 Kf7 42. Ke5 a5 43. d5 exd5 44. Kxd5 Kf6 0-1

[Event "Høstturneringen 2014"]
[Site "Ski, Akershus NOR"]
[Date "2014.09.06"]
[Round "2"]
[White "Olsen, Trygve"]
[Black "Garmark, Vegard"]
[Result "1-0"]
[WhiteElo "1210"]
[BlackElo "1229"]
[PlyCount "65"]
[EventDate "2014.09.04"]

1. e4 d5 2. e5 c5 3. c4 d4 4. Bd3 Nc6 5. Nf3 Bg4 6. e6 Bxe6 7. h3 Nb4 8. Be4 d3
9. Na3 Rb8 10. b3 Nf6 11. Ng5 Nxe4 12. Nxe6 Qd7 13. Nxf8 Qd4 14. O-O Qxa1 15. Nd7 Kxd7
16. Qg4+ e6 17. Qxe4 Qd4 18. Qf3 Rhf8 19. Nb5 Qe5 20. Nxa7 Nxa2 21. Qxd3+ Qd4
22. Qxh7 Nxc1 23. Rxc1 Ra8 24. Nb5 Qxd2 25. Qb1 Ke7 26. Rd1 Qe2 27. Re1 Qa2 28.
Qe4 Rad8 29. Qh4+ f6 30. Qg4 Qa6 31. Nc7 Qc6 32. Nxe6 Kf7 33. Qxg7+ 1-0

[Event "Høstturneringen 2014"]
[Site "Ås, Akershus NOR"]
[Date "2014.10.02"]
[Round "3"]
[White "Bakken, Svein-Erik"]
[Black "Furnes, Torstein"]
[Result "0-1"]
[WhiteElo "1401"]
[BlackElo "1676"]
[Annotator "Furnes, Torstein"]
[PlyCount "116"]
[EventDate "2014.09.04"]

1. d4 d5 2. c4 e6 3. Nc3 Nf6 4. Nf3 Be7 5. Bg5 O-O 6. e3 h6 7. Bh4 b6 8. cxd5
Nxd5 9. Bg3 Nxc3 10. bxc3 Bb7 11. Be2 Nd7 12. O-O Nf6 $146 {Dette
springertrekket finnes ikke i databasen chesslive.de. Der fortsetter istedet
fire partier med c5, og to partier med Ld6.} 13. Qb3 Ne4 14. Be5 Bd6 15. Rfd1
Bxe5 16. dxe5 Qe7 17. Ne1 Qh4 18. g3 Qg5 19. Nf3 (19. f4 {er førstevalget til
Fritz 11.}) 19... Qf5 20. Qc2 Nxg3 {Det virker naturlig å vinne en bonde med
dette trekket. Men Fritz 11 mener det er enda sterkere å spille} (20... f6 $1
$19 {for å åpne f-linjen og legge ytterligere press på hvits kongestilling.})
21. Qxf5 Nxe2+ 22. Kf1 exf5 23. Kxe2 Rad8 24. Nd4 g6 25. f4 c5 $6 {Svart burde
kanskje beholdt bonden på c7, for å hindre hvit i å etablere en springer eller
tårn på d6.} 26. Nb5 Ba6 27. c4 (27. a4 {er litt bedre ifølge Fritz 11. Dersom
svart da slår løperen, får hvit press mot a7-bonden.}) 27... Bxb5 28. cxb5 {
Dermed har svart fått en viktig fribonde.} Rfe8 29. h4 Kf8 30. Rd6 Ke7 $2 ({
Svart vinner bonden etter} 30... Rxd6 31. exd6 Rd8 32. Rd1 Ke8 33. a4 Kd7 34.
Kf3 Ke6) 31. Rad1 Rxd6 32. Rxd6 Rd8 33. Rxd8 $2 $19 {Tapstrekket. Hvit må
beholde tårnene på brettet ved å spille Tc6 eller Tf6.} Kxd8 34. Kd3 Ke7 35.
Kc4 Ke6 36. a3 f6 ({Svart vinner mer effektivt med} 36... g5 37. fxg5 (37. hxg5
h5) 37... hxg5 38. hxg5 (38. h5 Kxe5 39. h6 Kf6) 38... Kxe5 39. Kd3 f4 40. Ke2
fxe3 41. Kxe3 Kf5) 37. exf6 Kxf6 38. Kd5 g5 39. hxg5+ hxg5 40. fxg5+ Kxg5 41.
a4 Kg4 42. e4 fxe4 43. Kxe4 Kg5 44. Ke5 Kg6 45. Kd5 Kf5 46. a5 Kf6 47. axb6
axb6 {Dermed er vi over i et 5-brikkers sluttspill. Som kjent kan man da bruke
Nalimov sluttspilldatabaser til å få fasiten på enhver stilling som kan oppstå.
Nalimov fastslår at svart har vinststilling resten av dette partiet. I denne
stillingen har svart matt i maks 19 trekk.} 48. Kc6 c4 49. Kxb6 c3 50. Kb7 c2
51. b6 c1=Q {Dersom den hvite bonden hadde stått på c6 istedenfor b6, så kunne
hvit nå spilt bonden fram til c7 og stillingen ville vært teoretisk remis !
For med bonden i c- eller f-linjen blir det et taktisk poeng at dersom kongen
står i hjørnet, så kan aldri svart bruke dronningen til å slå bonden, pga patt.
} 52. Kb8 Qf4+ 53. Kc8 Qc4+ 54. Kb8 Ke7 55. b7 Kd7 56. Ka7 Qc5+ 57. Kb8 Qb6 58.
Ka8 Kc7 0-1

[Event "Høstturneringen 2014"]
[Site "Ås, Akershus NOR"]
[Date "2014.10.02"]
[Round "3"]
[White "Garmark, Vegard"]
[Black "Fuglseth, Jan"]
[Result "0-1"]
[WhiteElo "1229"]
[BlackElo "1350"]
[PlyCount "47"]
[EventDate "2014.09.04"]

1. Nf3 d5 2. d4 Nc6 3. Nc3 Nf6 4. Bg5 e6 5. e4 dxe4 6. Nxe4 Be7 7. Nxf6+ Bxf6
8. Bxf6 Qxf6 9. Bb5 Bd7 10. c3 a6 11. Ba4 O-O 12. O-O Rad8 13. Re1 b5 14. Bc2
Ne7 15. a4 Bc6 16. axb5 axb5 17. Re5 Bd5 18. Ra7 Nc6 19. Rh5 g6 20. Rxc7 gxh5
21. Nh4 Qxh4 22. Qd3 f5 23. Qxb5 Qg5 24. g3 0-1

[Event "Høstturneringen 2014"]
[Site "Ås, Akershus NOR"]
[Date "2014.09.25"]
[Round "3"]
[White "Moshovd, Per Åge"]
[Black "Thowsen, Alf Geir"]
[Result "1-0"]
[WhiteElo "1624"]
[BlackElo "1195"]
[PlyCount "59"]
[EventDate "2014.09.04"]

1. e4 e6 2. Nc3 d5 3. d4 Bb4 4. exd5 Bxc3+ 5. bxc3 exd5 6. Bd3 Nf6 7. Ba3 Nc6
8. h3 Be6 9. Nf3 Ne4 10. Bxe4 dxe4 11. Nd2 e3 12. Nf3 exf2+ 13. Kxf2 Qf6 14.
Re1 O-O-O 15. Qd2 Ne5 16. Rxe5 Bd5 17. Be7 Qc6 18. Bxd8 Rxd8 19. Re3 Qf6 20.
Kg1 c5 21. Rf1 Bc4 22. Rf2 Qb6 23. Qc1 Bxa2 24. Qa1 Bc4 25. Ne5 Be6 26. Nxf7
cxd4 27. Rxe6 Qxe6 28. Nxd8 Kxd8 29. cxd4 a6 30. Qa5+ 1-0

[Event "Høstturneringen 2014"]
[Site "Ås, Akershus NOR"]
[Date "2014.09.25"]
[Round "3"]
[White "Lea, Per"]
[Black "Olsen, Trygve"]
[Result "1-0"]
[WhiteElo "1618"]
[BlackElo "1210"]
[PlyCount "59"]
[EventDate "2014.09.04"]

1. e4 c5 2. Nf3 Nc6 3. d4 cxd4 4. Nxd4 Nf6 5. Nc3 d6 6. Bg5 Qa5 7. Bb5 Bd7 8.
Nb3 Qd8 9. f4 a6 10. Be2 Qb6 11. Qd2 Rd8 12. Bxf6 exf6 13. Nd5 Qa7 14. Nc7+ Ke7
15. O-O-O Bc8 16. Rhe1 b5 17. Nd5+ Ke8 18. Bf3 Ne7 19. e5 fxe5 20. fxe5 Nxd5
21. Bxd5 Be6 22. Bc6+ Rd7 23. exd6 h5 24. Bxd7+ Kxd7 25. Qb4 Qb6 26. Nc5+ Kd8
27. Nxe6+ fxe6 28. Rxe6 a5 29. Qe4 Qa7 30. Re8+ 1-0

[Event "Høstturneringen 2014"]
[Site "Ås, Akershus NOR"]
[Date "2014.09.25"]
[Round "3"]
[White "Høva, Frode"]
[Black "Petersen, Rune J"]
[Result "1-0"]
[WhiteElo "1515"]
[BlackElo "845"]
[PlyCount "73"]
[EventDate "2014.09.04"]

1. d4 e6 2. c4 c6 3. Nc3 Bb4 4. a3 Bxc3+ 5. bxc3 Nf6 6. Bg5 O-O 7. e3 d6 8. Bd3
Nbd7 9. Ne2 c5 10. O-O b6 11. e4 e5 12. f4 Qc7 13. Qe1 Bb7 14. fxe5 dxe5 15. d5
Nh5 16. Qh4 Nf4 17. Nxf4 exf4 18. e5 g6 19. Bxf4 Nxe5 20. Qf6 Rae8 21. Bh6 Nf3+
22. Rxf3 Qe5 23. Qxe5 Rxe5 24. Bxf8 Kxf8 25. Kf2 f5 26. Re1 Rxe1 27. Kxe1 Kf7
28. Kf2 Kf6 29. g4 Bc8 30. gxf5 gxf5 31. Rh3 Kg6 32. Rg3+ Kf7 33. Kf3 h6 34.
Kf4 Kf6 35. Rg8 Bb7 36. Bxf5 a6 37. Rb8 1-0

[Event "Høstturneringen 2014"]
[Site "Ås, Akershus NOR"]
[Date "2014.09.25"]
[Round "3"]
[White "Simonsen, Steinar"]
[Black "Ruud, Kjetil"]
[Result "0-1"]
[WhiteElo "1337"]
[BlackElo "1301"]
[PlyCount "90"]
[EventDate "2014.09.04"]

1. e4 e5 2. Nf3 Nc6 3. Nc3 Nf6 4. d4 exd4 5. Nxd4 Bb4 6. Nxc6 bxc6 7. Bd2 Qe7
8. f3 d5 9. Bd3 O-O 10. O-O dxe4 11. Nxe4 Nxe4 12. Bxe4 Rb8 13. Re1 Be6 14.
Bxb4 Qxb4 15. b3 Rfd8 16. Qc1 Rd2 17. Kh1 Qd4 18. Rd1 Rd8 19. Rxd2 Qxd2 20.
Qxd2 Rxd2 21. Bd3 g6 22. Kg1 Bf5 23. Bxf5 gxf5 24. Rc1 Kg7 25. h4 h5 26. a4 Kf6
27. Kh2 Ke5 28. c3 c5 29. b4 c4 30. a5 Rd3 31. Kg3 f4+ 32. Kf2 Kd5 33. Ke2 Kc6
34. Kf2 Kb5 35. Rc2 Ka4 36. g3 fxg3+ 37. Kxg3 Kb3 38. Rc1 Rxc3 39. Rb1+ Ka2 40.
Re1 Rb3 41. Re7 c3 42. Rxc7 Kb2 43. Rxa7 c2 44. Rc7 c1=Q 45. Rxc1 Kxc1 0-1

[Event "Høstturneringen 2014"]
[Site "Ås, Akershus NOR"]
[Date "2014.10.05"]
[Round "3"]
[White "Thorvaldsen, Thomas"]
[Black "Lange, Magnus Øyvind"]
[Result "1/2-1/2"]
[WhiteElo "908"]
[BlackElo "702"]
[PlyCount "76"]
[EventDate "2014.09.04"]

1. d4 d5 2. c4 e6 3. Nc3 Nf6 4. Bg5 Bb4 5. a3 Bxc3+ 6. bxc3 Bd7 7. Bxf6 Qxf6 8.
Qb3 b6 9. cxd5 Qf5 10. dxe6 Bxe6 11. Qd1 O-O 12. g3 Nd7 13. Bg2 Bd5 14. f3 Bb7
15. Bh3 Qd5 16. e4 Qc6 17. Qc2 Rae8 18. d5 Qd6 19. Qa4 f5 20. Kf2 Qc5+ 21. Kg2
Qxc3 22. Rf1 fxe4 23. Bxd7 Bxd5 24. Bxe8 exf3+ 25. Nxf3 Bxf3+ 26. Kh3 Bxh1 27.
Bf7+ Kh8 28. Rxh1 Qf3 29. Rc1 Qxf7 30. Qxa7 Qf5+ 31. Kg2 Qf3+ 32. Kh3 g5 33.
Rxc7 g4+ 34. Kh4 Qf5 35. Qxb6 Qe5 36. Qb7 Qf6+ 37. Kxg4 Qf5+ 38. Kh4 Qf6+
1/2-1/2

[Event "Høstturneringen 2014"]
[Site "Ås, Akershus NOR"]
[Date "2014.09.25"]
[Round "3"]
[White "Aasestad, Tor Erik"]
[Black "Heien, Aksel"]
[Result "1-0"]
[WhiteElo "969"]
[BlackElo "926"]
[PlyCount "83"]
[EventDate "2014.09.04"]

1. e4 e5 2. Nf3 Nc6 3. Bc4 Nf6 4. Ng5 d5 5. exd5 Na5 6. Bb5+ c6 7. dxc6 bxc6 8.
Ba4 h6 9. Nf3 e4 10. Ne5 Qd4 11. Bxc6+ Nxc6 12. Nxc6 Bc5 13. Nxd4 Bxd4 14. O-O
Bg4 15. Qe1 O-O 16. c3 Bb6 17. d4 Rfe8 18. Be3 Rad8 19. Nd2 Nd5 20. Nc4 f5 21.
Bd2 Bc7 22. Ne3 Nf4 23. Nxg4 Nd3 24. Qe3 Bf4 25. Qe2 fxg4 26. Bxf4 Nxf4 27.
Qxg4 Rf8 28. Rfe1 h5 29. Qg5 Rd5 30. Qe7 Rdf5 31. Qxe4 g5 32. Rac1 h4 33. Rf1
g4 34. g3 Nh3+ 35. Kg2 Rxf2+ 36. Rxf2 Rxf2+ 37. Kh1 Ng5 38. Qg6+ Kf8 39. Qxg5
hxg3 40. hxg3 Rxb2 41. Rf1+ Ke8 42. Qg7 1-0

[Event "Høstturneringen 2014"]
[Site "Ås, Akershus NOR"]
[Date "2014.10.09"]
[Round "4"]
[White "Furnes, Torstein"]
[Black "Moberg, Jan Rune"]
[Result "1/2-1/2"]
[WhiteElo "1676"]
[BlackElo "1516"]
[PlyCount "46"]
[EventDate "2014.09.04"]

1. d4 f5 2. c4 e6 3. Nf3 Nf6 4. Bg5 Be7 5. e3 O-O 6. Be2 c6 7. O-O b6 8. Nc3
Ne4 9. Bxe7 Qxe7 10. Qc2 d5 11. Ne5 Bb7 12. f3 Nf6 13. Rac1 Na6 14. cxd5 Nb4
15. Qb3 Nbxd5 16. Nxd5 cxd5 17. Rc3 Rac8 18. Rfc1 Rxc3 19. Rxc3 Rc8 20. Rxc8+
Bxc8 21. Qc3 Bb7 22. Nc6 Bxc6 23. Qxc6 Qd7 1/2-1/2

[Event "Høstturneringen 2014"]
[Site "Ås, Akershus NOR"]
[Date "2014.10.09"]
[Round "4"]
[White "Holm, Bjarne"]
[Black "Kielland-Lund, Jon"]
[Result "1-0"]
[WhiteElo "1543"]
[BlackElo "1577"]
[PlyCount "61"]
[EventDate "2014.09.04"]

1. c4 e5 2. Nc3 f5 3. e4 d6 4. Nf3 Nf6 5. exf5 Bxf5 6. d4 Nbd7 7. dxe5 dxe5 8.
Bg5 c6 9. Bd3 Bg4 10. O-O Qc7 11. Re1 O-O-O 12. Qc2 Bxf3 13. gxf3 h6 14. Bh4 g5
15. Bg3 Bg7 16. Bf5 Kb8 17. b4 Rhf8 18. b5 c5 19. a4 Ka8 20. a5 Qb8 21. Na4 Qc7
22. b6 Qc6 23. bxa7 Kxa7 24. Nb6 Qxf3 25. Rad1 Qc6 26. Nxd7 Nxd7 27. Be4 Qc7
28. Rb1 Rb8 29. Rb5 Rf6 30. Reb1 b6 31. Qa4 1-0

[Event "Høstturneringen 2014"]
[Site "Ås, Akershus NOR"]
[Date "2014.10.09"]
[Round "4"]
[White "Samset, Jon"]
[Black "Høva, Frode"]
[Result "0-1"]
[WhiteElo "1143"]
[BlackElo "1515"]
[PlyCount "54"]
[EventDate "2014.09.04"]

1. e4 c5 2. c3 Nf6 3. e5 Nd5 4. Bc4 Nb6 5. Qb3 e6 6. Nf3 Nc6 7. Bb5 Na5 8. Qc2
a6 9. Ba4 Nxa4 10. Qxa4 b5 11. Qf4 Be7 12. d4 cxd4 13. Qxd4 Bb7 14. Nbd2 Rc8
15. O-O O-O 16. b3 d6 17. c4 dxe5 18. Qxe5 Bf6 19. Qh5 Bxa1 20. Ng5 h6 21. Ndf3
Bf6 22. Nh3 Bxf3 23. gxf3 bxc4 24. Kh1 Qd5 25. Qg4 cxb3 26. Bxh6 Qf5 27. Qg3
Qg6 0-1

[Event "Høstturneringen 2014"]
[Site "Ås, Akershus NOR"]
[Date "2014.10.09"]
[Round "4"]
[White "Thorvaldsen, Thomas"]
[Black "Simonsen, Steinar"]
[Result "0-1"]
[WhiteElo "972"]
[BlackElo "1337"]
[PlyCount "60"]
[EventDate "2014.09.04"]

1. d4 d5 2. c4 e6 3. Nc3 dxc4 4. e3 Nf6 5. Bxc4 Be7 6. Qf3 O-O 7. Nge2 Nbd7 8.
Ba6 c6 9. Bd3 e5 10. Qg3 Bd6 11. Ne4 Bb4+ 12. N2c3 exd4 13. exd4 Bxc3+ 14. bxc3
Nxe4 15. Bxe4 Re8 16. Qf4 Nf6 17. f3 Nxe4 18. fxe4 Qe7 19. e5 f6 20. O-O fxe5
21. dxe5 Bd7 22. Rb1 Rf8 23. Qe4 Rxf1+ 24. Kxf1 Qf7+ 25. Kg1 Bf5 26. e6 Qf6 27.
Qc4 Bxe6 28. Qb4 Rf8 29. h3 Bd5 30. c4 Qf2+ 0-1

[Event "Høstturneringen 2014"]
[Site "Ås, Akershus NOR"]
[Date "2014.10.09"]
[Round "4"]
[White "Olsen, Trygve"]
[Black "Aalmo, Alexander"]
[Result "0-1"]
[WhiteElo "1210"]
[BlackElo "1125"]
[Annotator "Lea, Per"]
[PlyCount "104"]
[EventDate "2014.09.04"]

1. e4 c5 2. c4 Nc6 3. Nf3 d6 4. h3 {Original åpningsbehandling - som ventet
fra hr. Olsen... Men helt nytt er det ikke: i følge www.chesslive.de er det
registrert 108 partier i denne stillingen. Beklageligvis har hvit bare en
score på 37%.} Nf6 5. d3 e6 6. Nc3 Be7 7. Be2 Bd7 8. O-O O-O 9. Bf4 a6 10. Bh2
Qc7 11. Qd2 e5 12. Nd5 Nxd5 13. cxd5 Nd4 14. Bd1 Nxf3+ 15. Bxf3 h6 16. Be2 f5
17. f4 exf4 18. Bxf4 g5 19. Bh2 Bf6 20. Kh1 f4 21. Bf3 Qb6 22. Rab1 Rac8 23.
Rfc1 a5 24. b3 Qa6 25. Be2 Qa7 26. h4 Bd4 27. Rc2 Be3 28. Qe1 g4 29. Bg1 Bxg1
30. Qxg1 h5 31. Rf1 Bb5 32. Qh2 Qa6 33. Rc3 Rf6 34. Rxf4 Rcf8 35. Rxf6 Rxf6 36.
Qg3 a4 37. e5 axb3 38. exf6 bxa2 39. Rc1 (39. Bxg4 $1 Kf8 (39... a1=Q+ 40. Bd1+
Kf7 41. Qg7+ Ke8 42. Qe7#) 40. Bxh5 a1=Q+ 41. Kh2 {Svart kan bare utsette
matten på Dg7 ved å ofre begge dronningene}) 39... a1=Q 40. Rxa1 Qxa1+ 41. Kh2
Qe5 (41... Qxf6 $1) 42. Qxe5 dxe5 43. d6 Bd7 44. d4 cxd4 45. Bc4+ Kf8 46. g3 b5
47. Bb3 e4 48. Kg2 b4 49. Kf2 e3+ 50. Ke2 Bb5+ 51. Kd1 d3 52. Bc4 Ba4+ 0-1

[Event "Høstturneringen 2014"]
[Site "Ås, Akershus NOR"]
[Date "2014.10.09"]
[Round "4"]
[White "Petersen, Rune J"]
[Black "Aasestad, Tor Erik"]
[Result "1-0"]
[WhiteElo "845"]
[BlackElo "969"]
[PlyCount "83"]
[EventDate "2014.09.04"]

1. d4 d5 2. e3 Bf5 3. Bd3 Bxd3 4. Qxd3 Nc6 5. a3 Nf6 6. Nf3 e6 7. Nbd2 Bd6 8.
O-O O-O 9. Ng5 h6 10. Ngf3 Ne7 11. c4 c6 12. cxd5 cxd5 13. Ne5 Rc8 14. f4 Nf5
15. Ndf3 Ne4 16. Bd2 b6 17. Rac1 Qe7 18. Nc6 Qd7 19. Nce5 Qb7 20. Bb4 Bxb4 21.
axb4 Nf6 22. b5 Rc7 23. Nc6 Ne7 24. Nfe5 Ne4 25. Rc2 Rfc8 26. Rfc1 Nd6 27. Qa3
Nxc6 28. bxc6 Rxc6 29. Nxc6 Nc4 30. Ne7+ Kh8 31. Qd3 Qxe7 32. b3 b5 33. bxc4
Rxc4 34. Rxc4 bxc4 35. Qc3 g5 36. fxg5 Qxg5 37. Rb1 Kg7 38. Rb7 a5 39. Ra7 Kg6
40. Rxa5 h5 41. e4 dxe4 42. Rxg5+ 1-0

[Event "Høstturneringen 2014"]
[Site "Ås, Akershus NOR"]
[Date "2014.10.30"]
[Round "4"]
[White "Fuglseth, Jan"]
[Black "Kjelstrup, Joachim"]
[Result "1-0"]
[WhiteElo "1350"]
[BlackElo "1031"]
[PlyCount "117"]
[EventDate "2014.09.04"]

1. c4 f5 2. Nc3 Nf6 3. g3 g6 4. Bg2 Bg7 5. d4 O-O 6. e3 d6 7. Nh3 e5 8. O-O c6
9. Qb3 Kh8 10. dxe5 dxe5 11. Qc2 Na6 12. a3 Be6 13. b3 Qe7 14. Bb2 Rad8 15.
Rad1 h6 16. e4 Nc5 17. f3 fxe4 18. Nxe4 Nfxe4 19. fxe4 Rxf1+ 20. Rxf1 Nd3 21.
Kh1 Qd7 22. Nf2 Nxb2 23. Qxb2 Qd4 24. Qe2 Qc5 25. a4 Qb4 26. Qe3 a6 27. h3 b5
28. Qb6 Qxb3 29. Qxd8+ Kh7 30. cxb5 cxb5 31. axb5 axb5 32. Qd1 Qxg3 33. Qf3 Qg5
34. Rb1 Bc4 35. Bf1 Qe7 36. Bxc4 bxc4 37. Rc1 Qc5 38. Ng4 h5 39. Ne3 Bh6 40.
Qf7+ Bg7 41. Nxc4 Qd4 42. Nd6 Qxd6 43. Rg1 Qc6 44. Qf3 Bh6 45. Ra1 Bf4 46. Qd3
Kh6 47. Kg2 Qf6 48. Rg1 Qg5+ 49. Kf1 Qh4 50. Qf3 g5 51. Ke2 Kg6 52. Qd3 g4 53.
Qd6+ Kf7 54. Rb1 Qe7 55. Qd5+ Kg6 56. h4 Qxh4 57. Rb6+ Qf6 58. Qg8+ Kh6 59.
Rxf6# 1-0

[Event "Høstturneringen 2014"]
[Site "Ås, Akershus NOR"]
[Date "2014.10.15"]
[Round "4"]
[White "Thowsen, Alf Geir"]
[Black "Lea, Per"]
[Result "0-1"]
[WhiteElo "1195"]
[BlackElo "1618"]
[Annotator "Lea,Per"]
[PlyCount "68"]
[EventDate "2014.09.04"]

1. d4 d5 2. c4 e5 3. dxe5 d4 4. Nf3 Nc6 5. e3 (5. g3 Bg4 6. Bg2 Qd7 7. O-O
O-O-O) (5. a3 Bg4 6. Nbd2 Qe7 7. h3 Bh5) (5. Nbd2 Bg4 6. g3 Qd7 7. Bg2 O-O-O 8.
O-O f6 9. exf6 Nxf6 {og svart må kjempe for utlikning i alle 3 variantene})
5... Bg4 (5... Bb4+ 6. Bd2 dxe3 7. fxe3 Bg4 8. Be2 {med omtrent lik stilling})
6. exd4 Bxf3 7. Qxf3 Qxd4 8. Nc3 Qxe5+ 9. Be2 Nf6 $2 {Svart spiller feigt og
frykter at f-bonden kan ryke etter en eventuell lang rokade.} (9... O-O-O 10.
Be3 (10. Qxf7 Nf6 11. f4 Qa5 {er fordelaktig for svart}) 10... Nf6 11. O-O $11)
10. Bf4 Qa5 11. O-O O-O-O $2 (11... Bd6 12. Qe3+ (12. Bxd6 cxd6 13. Nb5 O-O 14.
Nxd6 Qe5 $11) 12... Kf8 13. Rfd1 Bxf4 14. Qxf4 {med litt bedre stilling for
hvit}) 12. Qg3 h6 $2 (12... Nd4) 13. Nb5 $1 Ne8 14. a3 {Hvit truer styggedom...
- svart kan få uoverstigelige problemer med å forsvare feltet c7.} Nd4 15. Bg4+
({Bedre er} 15. Nxd4 Rxd4 16. Qe3 Rd8 17. Rfd1 Bd6 {Svart har ingen
alternativer som kan hindre offiserstap i få trekk. Beklageligvis for hvit
finner han ikke den beste fortsettelsen.} 18. c5 g5 19. b4 Qa4 20. Bg3 Kb8 21.
cxd6 Nxd6 22. Rac1 $18) 15... f5 16. Nxd4 Rxd4 17. b4 Qa6 (17... Qa4 18. Bxf5+
Kb8 {gir et visst håp om å få dronninga i spill før det er for seint}) 18.
Bxf5+ Kb8 19. Rfe1 Rd8 20. c5 g5 21. Be5 Bg7 22. Bxg7 {Å gi fra seg det sterke
løperparet på denne måten må være feil strategi, selv om merbonde og løper mot
springer er en behagelig fordel.} (22. Red1 Rxd1+ 23. Rxd1 Bf6 24. Qb3 Qe2 25.
Qd5 {Nå truer det matt i 2 trekk begynnende med løperbytte på f6. Svart er
fullstendig fortapt.}) 22... Nxg7 23. Be4 Ne6 24. h3 $2 ({Hvit overser en
bondegevinst:} 24. Bxb7 Kxb7 25. b5 Qa4 26. Qf3+ Kb8 27. Rxe6) 24... Nf4 25.
Qf3 {Hvits fordel er i ferd med å fordampe.} Rhf8 26. a4 Nd5 27. Qb3 Nf4 28. b5
Qf6 29. Bf3 $4 ({Hvit beholder en liten fordel etter} 29. Qc2 {men etter
tekstrekket overgår fordelen til svart}) 29... Rd3 30. Qc2 Nxh3+ $1 {Som lyn
fra klar himmel! Denne finessen hadde nok hvit glemt i farten. Svart på sin
side var nødt til å ta hensyn til klokka (ca 4 minutter igjen på 10 trekk).}
31. Kf1 $4 {Fra vondt til verre.} (31. gxh3 Rxf3 {er en liten fordel for svart,
men hvit kan i det minste kjempe for å få motspill.}) 31... Rc3 $4 {Og svart
er i det gavmilde hjørnet og kaster bort halvpoenget - hvis hvit bare hadde
sett det...} 32. Qe4 $1 {Denne matt-trusselen hadde svart oversett i tdsnøden!}
c6 (32... Rxf3 {er mer eller mindre tvungent.} 33. Qe8+ Qd8 34. Qxd8+ Rxd8 35.
gxf3 Nf4 {og hvit vinner.}) 33. bxc6 bxc6 $4 {Hvit har forsert matt i 7 trekk!}
34. Qxc6 (34. Qb4+ Kc7 35. Rab1 Qe6 {For å utsette matten ett trekk...} 36.
Qb7+ Kd8 37. Qb8+ Ke7 38. Rb7+ Kf6 39. Qxf8+ Kg6 40. Rxe6#) 34... Qxc6 {og
hvit kan ikke slå tilbake på grunn av tårnmatten på f2. Det er i hvert fall
ingen grunn til at Magnus Carlsen skal føle seg truet av disse aldrende
herrer! Hvit ga opp uten å teste om svart ville klare de siste 6 trekkene på
de 2 minuttene han hadde igjen på klokka.} 0-1